000 00597nam a2200181 i 4500
001 94769
003 ES-MaACL
005 20230906181543.0
007 t|
008 050516s1929 sp ||||1| spa d
100 _aLucas-Dubreton, Jean,
_d1883-1972
_9233684
245 1 0 _aAlejandro Dumas (Padre)
_b: la novela de los grandes hombres /
_cJ. Lucas-Dubreton; traducción de Francisco Almela y Vives.
260 _aMadrid :
_bAguilar,
_c1929.
300 _a271 p. ;
_c20 cm.
700 1 _aAlmela i Vives, Francesc.
_920131
852 _aES-MaACL
_jA-4643
_bR.16603
999 _c94769
_d94769